00356nam a2200097 a 450008200160000010000270001624501340004326000520017730000080022965000210023700a297.211 DSO aD`Souza, Andreas Felix aConcept of Revelation in the Writings of Three Modern Indian Muslims: A Study of Ahmad Khan, Abu Al-Kalam Azad and Abu-al Mawdudi aMontrealbMcgill Univ.Inst.Of Islamic St.c1988 a341 aRevelation-Islam